| 000 | 00937nam a22002297a 4500 | ||
|---|---|---|---|
| 005 | 20150124123318.0 | ||
| 008 | 120316t si||||| |||| 00| 0 spa d | ||
| 020 | _a9788498013399 | ||
| 050 | 0 | 4 |
_aN6490 _bD46 2008 |
| 100 | 1 | _aDempsey, Amy | |
| 245 | 1 | 0 |
_aEstilos, escuelas y movimientos : _bGuía enciclopédica del arte moderno _c/ Amy Demsey ; traducción Margarita Gutiérrez Manuel ; coordinador Cristina Rodríguez Fisher |
| 250 | _a1a ed. | ||
| 260 |
_aSingapur : _bBlume, _c2008 |
||
| 300 |
_a304 p. : _bil. ; _c28 cm. |
||
| 500 | _aTraducción de : Styles, Schools and Movements | ||
| 504 | _aIncluye glosario e índice | ||
| 650 | 7 |
_2LEMB. _aArte _bPintura _vEnciclopedias _xHistoria |
|
| 650 | 7 |
_2LEMB. _aArte moderno-siglo XIX _bArte moderno-siglo XX _vEnciclopedias _xArte moderno-siglo XXI |
|
| 700 | 1 |
_aGutiérrez Manuel, Margarita., _etr. |
|
| 700 | 1 |
_aRodríguez Fisher, Cristina., _ecoord. |
|
| 942 |
_2ddc _cLIB |
||
| 999 |
_c29909 _d29909 |
||